NBA Starting SGs of the Past 10 Years - Statistics

General Stats
  • This quiz has been taken 108 times
    24 since last reset
  • The average score is 58 of 134
Answer Stats
Answer % Correct
Devin Booker
100%
Klay Thompson
100%
Coby White
95%
Derrick White
95%
James Harden
95%
Jaylen Brown
95%
Kyrie Irving
95%
Bradley Beal
89%
Cody Williams
89%
Paul George
89%
Austin Reaves
84%
Donovan Mitchell
84%
Jrue Holiday
84%
Lonzo Ball
84%
Anthony Edwards
79%
DeMar DeRozan
79%
Kentavious Caldwell-Pope
79%
Zach LaVine
79%
AJ Green
74%
Brandon Ingram
74%
CJ McCollum
74%
Danny Green
74%
Dejounte Murray
74%
Fred VanVleet
74%
Jalen Green
74%
Josh Green
74%
JR Smith
74%
Marcus Smart
74%
Nick Young
74%
Jimmy Butler
68%
Lonnie Walker IV
68%
Shai Gilgeous-Alexander
68%
Tyler Herro
68%
Anfernee Simons
63%
Cade Cunningham
63%
Jordan Poole
63%
Josh Hart
63%
Keon Johnson
63%
Tre Johnson
63%
Tyler Johnson
63%
Brandin Podziemski
58%
Desmond Bane
58%
Jalen Brunson
58%
Norman Powell
58%
Seth Curry
58%
Victor Oladipo
58%
Cam Thomas
53%
Cason Wallace
53%
Devin Vassell
53%
Gary Harris
53%
JJ Redick
53%
Joe Harris
53%
Josh Giddey
53%
Kevin Huerter
53%
Kevin Porter Jr
53%
RJ Barrett
53%
Tyrese Haliburton
53%
Alex Caruso
47%
Andrew Nembhard
47%
D'Angelo Russell
47%
Donte DiVincenzo
47%
Dyson Daniels
47%
Grayson Allen
47%
Stephon Castle
47%
Tim Hardaway Jr
47%
Tony Allen
47%
Aaron Nesmith
42%
Andre Jackson Jr
42%
Dillon Brooks
42%
Duncan Robinson
42%
Dwyane Wade
42%
Jalen Suggs
42%
Christian Braun
37%
Collin Sexton
37%
Gradey Dick
37%
Jaden Ivey
37%
Kon Knueppel
37%
Malcolm Brogdon
37%
Malik Monk
37%
Terry Rozier
37%
VJ Edgecombe
37%
Bogdan Bogdanovic
32%
Buddy Hield
32%
Caris LeVert
32%
Evan Fournier
32%
Gerald Henderson
32%
Jordan Clarkson
32%
Patrick Beverley
32%
Shaedon Sharpe
32%
Andre Roberson
26%
Avery Bradley
26%
Gary Trent Jr
26%
Josh Richardson
26%
Trey Murphy III
26%
Will Barton
26%
Kelly Oubre Jr
21%
Kris Dunn
21%
Malik Beasley
21%
Max Christie
21%
Nicolas Batum
21%
Patty Mills
21%
Spencer Dinwiddie
21%
Tari Eason
21%
Terance Mann
21%
Cedric Coward
16%
Quentin Grimes
16%
Reggie Bullock
16%
Tyreke Evans
16%
Wesley Matthews
16%
Aaron Afflalo
11%
Austin Rivers
11%
Courtney Lee
11%
Damion Lee
11%
De'Anthony Melton
11%
Dion Waiters
11%
Jeremy Lamb
11%
Kent Bazemore
11%
Bryn Forbes
5%
Garrett Temple
5%
Isaac Okoro
5%
Monta Ellis
5%
Allen Crabbe
0%
Damyean Dotson
0%
Denzel Valentine
0%
Dwayne Bacon
0%
Jarrett Culver
0%
Josh Okogie
0%
Randy Foye
0%
Rodney Hood
0%
Rodney McGruder
0%
Terrance Ferguson
0%
Tony Snell
0%
Wayne Ellington
0%
No matching quizzes found
Score Distribution
Percent of People with Each Score
Percentile by Number Answered
Your Score History
You have not taken this quiz since the last reset